Locations In Songs - Statistics

General Stats
  • This quiz has been taken 107 times
  • The average score is 12 of 20
Answer Stats
Artist Hint Answer % Correct
Lynyrd Skynrd Sweet Home ________ Alabama
97%
Toto I bless the rains down in _____ Africa
94%
N.W.A Straight Outta _____ Compton
92%
The Clash ______ Calling London
92%
Elvis Presley Viva ___ ______ Las Vegas
87%
ABBA At _______, Napoleon did surrender Waterloo
84%
The Beatles Back In The _____ USSR
82%
Ray Charles ______ on My Mind Georgia
67%
The Pogues, Kirsty MacColl Fairytale of ___ ___ New York
66%
Tupac, Dr Dre _________ Love California
63%
Camila Cabello, Young Thug Half of my heart is in ______ Havana
58%
Marc Cohn Walking in ______ Memphis
57%
Bruce Springsteen Streets of ________ Philadelphia
47%
KISS _____ Rock City Detroit
46%
Dropkick Murphy's I'm Shipping Up To _____ Boston
35%
Billy Joel _____ waits for you? Vienna
35%
Van Halen Here she comes, full blast and top down Panama
31%
Nirvana Frances Farmer Will Have Her Revenge On _______ Seattle
31%
Arctic Monkeys Fake Tales of ___ ______ San Francisco
29%
Led Zeppelin We're moving through ______ Kashmir
12%
No matching quizzes found
Score Distribution
Percent of People with Each Score
Percentile by Number Answered
Your Score History
You have not taken this quiz